Calculation for craft students (Record no. 79101)

MARC details
000 -LEADER
fixed length control field 00639nam a2200145 a 4500
008 - FIXED-LENGTH DATA ELEMENTS--GENERAL INFORMATION
fixed length control field 120416s1969 ||||||||||||||||| || u
050 ## - LIBRARY OF CONGRESS CALL NUMBER
Classification number TA 330 Cun
100 ## - MAIN ENTRY--PERSONAL NAME
Personal name Cunnington, Robert J
245 10 - TITLE STATEMENT
Title Calculation for craft students
260 ## - PUBLICATION, DISTRIBUTION, ETC.
Place of publication, distribution, etc. New York
Name of publisher, distributor, etc. McGraw-Hill
Date of publication, distribution, etc. 1969
300 ## - PHYSICAL DESCRIPTION
Extent viii, 145p. : ill.
350 ## -
-- 0.00
995 ## -
-- ANNEX COLLECTION (Main Library)
-- 0.00
-- 717525
-- CBU-MAIN LIBRARY (Kitwe)
-- 2
-- 1.95
-- TA 330 Cun
-- 1
-- AVAILABLE
-- 014610
-- Annex Low-Usage Collection
995 ## -
-- ANNEX COLLECTION (Main Library)
-- 0.00
-- 717524
-- CBU-MAIN LIBRARY (Kitwe)
-- 1
-- 1.95
-- TA 330 Cun
-- 2
-- AVAILABLE
-- 014611
-- Annex Low-Usage Collection
999 ## -
-- 79101
-- 79101

No items available.